1673 1501 1250 1706 1484 1396 1328 1741 1061 1690 1257 1811 1033 1596 1214 1468 1873 1168 1341 1680 1229 1937 1060 1041 1513 1534 1366 1122 1146 1908 1802 1248 1344 1797 1290 1510 1552 1077 1123 1735 1850 1406 1614 1616 1248 1121 1900 1723 1785 1930 1995 1595 1887 1159 1791 1647 1162 1858 1582 1537 1997 1879 1027 1141 1120 1888 1511 1662 1154 1408 1715 1586 1108 1653 1917 1521 1848 1811 1001 1687 1022 1237 1056 1933 1720 1156 1396 1311 1186 1194 1154 1016 1114 1877 1778 1238 1138 1334 1374 BCNSPRNW ULIB Ver.6.0+V

เปลี่ยนเป็นภาษาไทย

Change to English
 แสดงรายละเอียดบรรณานุกรม
  กลับหน้าหลัก

Brief Record : Get Marc (ISO 2709) : E-mail record : QR code < ปิดหน้าต่าง
LEADER : 00000nas 2200000uu 4500
001    13399120115
003     ULIB
008    020711s|||| th a 000 0 tha d
022    08573336
110    โรงพยาบาลเจ้าพระยาอภัยภูเบศร
245    วารสารโรงพยาบาลเจ้าพระยาอภัยภูเบศร /^cโรงพยาบาลเจ้าพระยาอภัยภูเบศร
260    ปราจีนบุรี :^bโรงพยาบาลเจ้าพระยาอภัยภูเบศร,^cม.ป.ป.
310    ^aรายสี่เดือน
850    ^aฉบับที่ 1 ปีที่ 15
945    ^p0^l0^i900673
999    ^aวรรณษา ชูชัยมงคล
รายการนี้ยังไม่มีแท็ก
คุณยังไม่ได้ล็อกอิน คุณสามารถมีกิจกรรมร่วมกับเว็บไซต์ได้ แต่ต้องล็อกอินก่อน ::
  ล็อกอิน

รายการสื่อสารสนเทศ (วารสาร)

ดูแบบ: กล่อง รายการ
ARRIVED
ฉบับที่ 1 ปีที่ 15
สถานที่: ห้องสมุดวิทยาเขตสวรรค์ประชารักษ์ >หนังสือทั่วไป

BibComment


ยังไม่เคยถูกคอมเมนท์

คอมเมนท์ทรัพยากรรายการนี้
  คอมเมนท์: วารสารโรงพยาบาลเจ..


 Copyright 2026. Bcnsprnw @Library